000 00814nam a2200253 a 4500
001 3546219
005 20180216075010.0
008 970730s1997 caua b 001 0 eng d
010 _a 97065916
020 _a0962741809
035 _a(OCoLC)36974532
040 _aIC
_cIC
_dCBu
_dDLC
041 _aeng
042 _alccopycat
080 _a618.17506 WRI
082 0 0 _a618.17506 WRI
_221
100 1 _a4
101 _aSHM
245 1 0 _aNatural hormone replacement :
_cby Jonathan V. Wright & John Morgenthaler.
504 _aIncludes bibliographical references and index.
906 _a7
_bcbc
_ccopycat
_d2
_eopcn
_f19
_gy-gencatlg
942 _2ddc
_cBK
999 _c42813
_d42813